000 00394nam a22001577a 4500
999 _c6670
_d6670
003 OSt
005 20190117182730.0
008 190117b ||||| |||| 00| 0 eng d
040 _cDLC
082 _a227
_bH418n
100 _aHayford, Jack;
245 _aNewborn: Alive in Christ, the Savior/
260 _aVan Nuys:
_bLiving WAy ministries:
_cc1984.
300 _a127p.;
_c17cm
942 _2ddc
_cBK